The story of Santiago de Compostela / (Record no. 78192)

MARC details
000 -LEADER
campo de control de longitud fija 00553nam a2200181 i 4500
001 - NÚMERO DE CONTROL
campo de control 78192
003 - IDENTIFICADOR DE NÚMERO DE CONTROL
campo de control ES-MaACL
005 - FECHA Y HORA DE LA ÚLTIMA TRANSACCIÓN
campo de control 20251217063017.0
007 - CAMPO FIJO DE DESCRIPCIÓN FÍSICA--INFORMACIÓN GENERAL
campo de control de longitud fija t|
008 - DATOS DE LONGITUD FIJA--INFORMACIÓN GENERAL
campo de control de longitud fija 041013s1912 xxk ||||1| eng d
100 1# - ENTRADA PRINCIPAL--NOMBRE DE PERSONA
Nombre de persona Hartley, C. Gasquoine,
Fechas asociadas al nombre 1867-1928
9 (RLIN) 61979
245 14 - MENCIÓN DEL TÍTULO
Título The story of Santiago de Compostela /
Mención de responsabilidad, etc. by C. Gasquoine Hartley.
260 ## - PUBLICACIÓN, DISTRIBUCIÓN, ETC.
Lugar de publicación, distribución, etc. London :
Nombre del editor, distribuidor, etc. J. M. Dent,
Fecha de publicación, distribución, etc. 1912.
300 ## - DESCRIPCIÓN FÍSICA
Extensión 332 p. :
Otras características físicas il. ;
Dimensiones 17 cm.
651 #4 - PUNTO DE ACCESO ADICIONAL DE MATERIA--NOMBRE GEOGRÁFICO
Nombre geográfico Santiago de Compostela-
Subdivisión general Descripción.
9 (RLIN) 9366
852 ## - LOCALIZACIÓN
Ubicación ES-MaACL
Número de control de estantería G-13927
Holdings
Estatus retirado Estado de pérdida Estado de daño No para préstamo Biblioteca de origen Biblioteca actual Ubicación en estantería Fecha de adquisición Fuente de adquisición Total de préstamos Signatura topográfica completa Código de barras Visto por última vez Precio de reemplazo Tipo de ítem Koha
        Biblioteca del Ateneo de Madrid Biblioteca del Ateneo de Madrid Sala Pecera Planta 3 17/01/2008     G-13927 1081795 23/02/2023 23/02/2023 Libro impreso